EcoAméricas.

Bibliographic Details
Uniform Title:EcoAméricas (Online)
Format: Journal
Language:English
Published: Santa Monica, CA : Fourth Street Press, 1998-
Subjects:
Online Availability: Check for online availability

MARC

Tag First Indicator Second Indicator Subfields
LEADER 00000cas a2200000Ia 4500
001 in00002016809
005 20211122150406.0
006 m d
007 cr cn---------
008 040311c19989999caumr1pss 0 a0eng d
022 0 |a 1943-9784  |y 1532-835X 
035 |a (OCoLC)ocm54682123 
040 |a COF  |c COF  |d OCLCQ  |d EEM  |d UtOrBLW 
043 |a cl----- 
049 |a TXAM 
050 4 |a GE190.L29  |b E26 Electronic 
130 0 |a EcoAméricas (Online) 
210 0 |a EcoAméricas  |b (St. Monica Calif.) 
222 0 |a EcoAméricas  |b (Online) 
245 1 0 |a EcoAméricas. 
246 3 |a Eco Américas 
264 1 |a Santa Monica, CA :  |b Fourth Street Press,  |c 1998- 
310 |a Monthly 
336 |a text  |b txt  |2 rdacontent 
337 |a computer  |b c  |2 rdamedia 
338 |a online resource  |b cr  |2 rdacarrier 
362 0 |a Vol. 1, no. 1 (Nov. 1998)- 
500 |a "A monthly report on development and the environment in Latin America." 
500 |a Title from title screen page (viewed Mar. 11, 2004). 
530 |a Also issued in print. 
530 |a Also issued online in Spanish. 
538 |a Mode of access: World Wide Web. 
500 |a Electronic resource. 
650 0 |a Environmental policy  |z Latin America  |v Periodicals. 
650 0 |a Environmental protection  |z Latin America  |v Periodicals. 
650 0 |a Economic development  |x Environmental aspects  |z Latin America  |v Periodicals. 
776 1 |t EcoAméricas  |x 1532-835X  |w (DLC) 99124916  |w (OCoLC)40658957 
787 0 8 |i A separate guide, published annually, contains contact information for key environmental agencies and offices throughout Latin America:  |t EcoAméricas guide to environmental agencies & legislative commissions in Latin America  |w (DLC) 2002240567  |w (OCoLC)50078175 
891 2 0 |9 853  |8 1  |a v.  |b no.  |u 12  |v r  |i (year)  |j (month)  |w m 
891 4 1 |9 863  |8 1.1  |a 1  |b 1  |i 1998  |j 11 
948 |a cataloged  |b h  |c 2008/5/16  |d c  |e eluza 
994 |a E0  |b TXA 
999 |a MARS 
999 f f |s a2910ac8-2bd1-30f3-b917-9582616b51ab  |i 7e211a79-7e62-3e39-b68e-19ab48a0a40f  |t 0 
952 f f |a Texas A&M University  |b College Station  |c Electronic Resources  |d Available Online  |t 0  |e GE190.L29 E26  |g Electronic  |h Library of Congress classification 
998 f f |a GE190.L29 E26  |t 0  |l Available Online